00350 a2200109 4500001001000000005001700010008004100027245006600068100002100134773006800155999001700223ART_4253720260410161807.0260409a 10aSobre la participación en las ganancias de los trabajadores1 aArecha, Martín0 tDoctrina Societaria y Concursalg- Nº 276 (nov. 2010)wREV4298 c21144d21144